Science Quiz

Random Science or Biology Quiz

Close-Up Animal Faces Quiz Stats

 Plays Quiz Updated Apr 17, 2019

Score 0/28 Timer 06:00
0 Plays Today
Hint Answer % Correct
Giant Panda
98.5%
Red Fox
98.3%
Rhinoceros
96.8%
Crocodile
96.7%
Elephant
96.6%
Dolphin
96.5%
Owl
95.5%
Tortoise
95.5%
Llama
94.6%
Cobra
93.9%
Chicken
93.9%
Tree Frog
93.3%
Chimpanzee
88.5%
Pigeon
87.3%
Hint Answer % Correct
Hedgehog
84.8%
Spider
83.9%
Emu
78.6%
Sea Lion
76.3%
Bumblebee
76.2%
Pufferfish
75.2%
Kangaroo
73.3%
Chameleon
72.9%
Proboscis monkey
71.9%
Adélie penguin
68.3%
Lobster
67.4%
Stingray
67.2%
Weasel
59.4%
Axolotl
28.1%

You're not logged in!

Compare scores with friends on all Sporcle quizzes.
OR
Log In

Sporcle TV

Today on Sporcle TV


Watch our educational content, quiz creation guides, and fun videos on Sporcle TV.

Show Comments

Extras

Top Quizzes Today


Score Distribution

Your Account Isn't Verified!

In order to create a playlist on Sporcle, you need to verify the email address you used during registration. Go to your Sporcle Settings to finish the process.

Report this User

Report this user for behavior that violates our Community Guidelines.

Details: